003730000a220007300045001000034000002450199000343000052002337730014002851 aArrazola, María del Rosario10aLa religión pone el dedo en la urna : La adhesión de los grupos cristianos a Samper despertó el dormido sentimiento católico. Varios sacerdotes piden entonces votar por Andrés Pastrana aVol. 53, Num. 53 (Junio, 1994), Páginas 20-210 tCambio 16